| 000 | 004450000a22001810004500 | ||
|---|---|---|---|
| 003 | MACL | ||
| 005 | 20151014133232.0 | ||
| 008 | 151014b xxu||||| |||| 00| 0 eng d | ||
| 040 |
_aMACL _cMACL |
||
| 041 | _aEnglish | ||
| 082 | _a920/SEN | ||
| 100 |
_aSengupta, Padmini _99311 |
||
| 245 | _aBuilders of Modern India | ||
| 260 |
_bPublicaton Division _c1968 _aGhaziabad |
||
| 350 | _a4 | ||
| 650 |
_aAutobiography _914780 |
||
| 942 |
_cBK _k920 _2ddc |
||
| 999 |
_c6871 _d6871 |
||